La civilización y el comunismo marxista : estudio sintético de la civilización : génesis, exégesis y análisis del marxismo : el marxismo y el poder oculto /

Uloženo v:
Podrobná bibliografie
Hlavní autor: Albanés, Ricardo C. (autor)
Médium: Kniha
Jazyk:španělština
Vydáno: México : Mundo Libre, 1969, c1969
Témata:
Tagy: Přidat tag
Žádné tagy, Buďte první, kdo vytvoří štítek k tomuto záznamu!

MARC

LEADER 00000nam^a2200000^a^4500
001 000121141
005 20250521000000.0
009 20260526123100.207
037 |a Acervo ITESO - Biblioteca 
041 |a ESP 
082 |a 320. 5323  |b ALB 
100 |a Albanés, Ricardo C.  |e (autor) 
245 1 3 |a La civilización y el comunismo marxista :  |b estudio sintético de la civilización : génesis, exégesis y análisis del marxismo : el marxismo y el poder oculto /  |c R.C. Albanés. 
264 4 |a México :  |b Mundo Libre,  |c 1969, c1969 
300 |a VI, 338 p. 
336 |a texto  |b txt  |2 rdacontenido 
337 |a sin mediación  |b n  |2 rdamedio 
338 |a volumen  |b nc  |2 rdasoporte 
649 |a XX 
650 |a Comunismo -  |x Teoría 
650 |a Comunismo -  |x Historia 
650 |a Marxismo -  |x Teoría 
650 |a Marxismo -  |x Historia y Crítica 
650 |a Ideología 
650 |a Política 
910 |a Fondo Salvador Reynoso Reynoso 
920 |a Impresos - Libros 
930 |a Fondos Especiales 
905 |a 112 
901 |a 0800005977  |b IT2  |c ESP  |u 20250521 
902 |a https://opac.biblio.iteso.mx/vufind/Record/000121141